La Competitividad de la torrefacción de café en Costa Rica /
Guardat en:
| Autor principal: | |
|---|---|
| Format: | Text |
| Matèries: | |
| Etiquetes: |
Afegir etiqueta
Sense etiquetes, Sigues el primer a etiquetar aquest registre!
|
MARC
| LEADER | 00000 a a2200000 04500 | ||
|---|---|---|---|
| 001 | 5446 | ||
| 003 | |||
| 040 | |||
| 100 | |a Sánchez Cantillo, Marco | ||
| 245 | |a La Competitividad de la torrefacción de café en Costa Rica / |c Marco Sánchez Cantillo | ||
| 650 | |a COMPETITIVIDAD | ||
| 650 | |a CAFE | ||
| 650 | |a ECONOMIA | ||
| 650 | |a EXPORTACION | ||
| 650 | |a LIBERALIZACION DEL INTERCAMBIO | ||
| 650 | |a ANALISIS HISTORICO | ||
| 650 | |a PRODUCCION | ||
| 650 | |a EXPORTACION | ||
| 650 | |a PRECIOS | ||
| 650 | |a PRODUCCION | ||
| 650 | |a CAFE | ||
| 650 | |a INDUSTRIA | ||
| 650 | |a PRECIOS | ||
| 773 | |g número 7; páginas 39-65 | ||
| 999 | |c 20879 |d 20879 | ||
